[Event "Hamilton Van der Wel Memorial"]
[Site "Hamilton"]
[Date "1996.05.03"]
[Round "1"]
[White "McGrahan, Steve"]
[Black "Dougherty, Michael J"]
[Result "0-1"]
[WhiteElo "1928"]
[BlackElo "2347"]
[PlyCount "56"]
[EventDate "1996.05.03"]
[EventType "swiss"]
[EventRounds "5"]
[EventCountry "CAN"]
[SourceTitle "EXT 2022"]
[Source "ChessBase"]
[SourceDate "2021.10.06"]
[SourceVersion "1"]
[SourceVersionDate "2021.10.06"]
[SourceQuality "1"]

1. d4 g6 2. e4 Bg7 3. Nc3 c5 4. d5 d6 5. f4 Nf6 6. Bb5+ Nfd7 7. a4 0-0 8. Nf3 Na6 9. 0-0 Nc7 10. Bd3 a6 11. a5 b5 12. axb6 Nxb6 13. Be3 Bb7 14. Qd2 f5 15. Ng5 fxe4 16. Ncxe4 Bxd5 17. Nxh7 Bxe4 18. Bxe4 Kxh7 19. f5 gxf5 20. Bxf5+ Kg8 21. Bh6 e6 22. Bg6 Nc4 23. Qe2 Bxh6 24. Qxc4 Qg5 25. Bd3 Rxf1+ 26. Rxf1 Rf8 27. Re1 Qf4 28. Rxe6 Qxc4 0-1

[Event "Toronto Labour Day op"]
[Site "Toronto"]
[Date "1986.08.??"]
[Round "?"]
[White "McGrahan, Steve"]
[Black "Dawson, Steve"]
[Result "0-1"]
[WhiteElo "1799"]
[BlackElo "1941"]
[PlyCount "88"]
[EventDate "1986.08.30"]
[EventType "swiss"]
[EventRounds "6"]
[EventCountry "CAN"]
[SourceTitle "EXT 2022"]
[Source "ChessBase"]
[SourceDate "2021.10.06"]
[SourceVersion "1"]
[SourceVersionDate "2021.10.06"]
[SourceQuality "1"]

1. d4 Nf6 2. Nc3 g6 3. e4 d6 4. f4 Bg7 5. Nf3 Bg4 6. h3 Bxf3 7. Qxf3 c6 8. Be3 0-0 9. 0-0-0 Qc7 10. g4 e5 11. dxe5 dxe5 12. f5 Rd8 13. Bd3 b5 14. g5 Nh5 15. f6 Bf8 16. Rdg1 Na6 17. Be2 b4 18. Nd1 Qa5 19. Kb1 b3 20. cxb3 Bc5 21. Rg4 Bxe3 22. Nxe3 Nf4 23. Rxf4 exf4 24. Nc4 Qxg5 25. e5 Qf5+ 26. Ka1 Nb4 27. a3 Nc2+ 28. Ka2 Nd4 29. Qf1 f3 30. Bd3 Qf4 31. h4 Nf5 32. h5 Ng3 33. hxg6 Nxf1 34. Rxh7 Rxd3 35. Rg7+ Kf8 36. Rxf7+ Ke8 37. Nd6+ Rxd6 38. Re7+ Kd8 39. g7 Qg5 40. exd6 Qg6 41. d7 Kc7 42. f7 Qxg7 43. d8Q+ Kxd8 44. Re8+ Kd7 0-1